Možnosti merania brzdného spomalenia elektro kolobežiek
Salvato in:
| Autore principale: | |
|---|---|
| Altri autori: | |
| Natura: | Manoscritto Libro |
| Lingua: | slovacco |
| Pubblicazione: |
2025
|
| Soggetti: | |
| Accesso online: | http://is.stuba.sk/zp/portal_zp.pl?podrobnosti=185021 |
| Tags: |
Nessun Tag, puoi essere il primo ad aggiungerne!!
|
MARC
| LEADER | 00000ntm a22000003a 4500 | ||
|---|---|---|---|
| 001 | stuzp106493 | ||
| 003 | SK-STU | ||
| 005 | 20250621210759.8 | ||
| 007 | ta | ||
| 008 | 150427s2015----xo-----f-mn---000-0-slo-d | ||
| 040 | |a STU |b slo | ||
| 041 | 0 | |a slo | |
| 100 | 1 | |a Sirota, Tomáš |u 020030 |4 aut |U SjF Strojnícka fakulta |T SjF Ústav automobilového inžinierstva a konštruovania |X 98734 |U J0030 |Y 806 |7 98734 | |
| 242 | 0 | 1 | |a Possibilities of measuring the braking deceleration of electric scooters |y eng |
| 245 | 1 | 0 | |a Možnosti merania brzdného spomalenia elektro kolobežiek |
| 260 | |c 2025 | ||
| 650 | 4 | |a spomalenie |2 slo | |
| 650 | 4 | |a mobilná aplikácia |2 slo | |
| 650 | 4 | |a akcelerometer |2 slo | |
| 650 | 4 | |a meranie |2 slo | |
| 650 | 4 | |a brzdenie |2 slo | |
| 650 | 4 | |a metodika merania |2 slo | |
| 650 | 4 | |a brzdná dráha |2 slo | |
| 650 | 4 | |a elektro kolobežka |2 slo | |
| 650 | 4 | |a accelerometer |2 eng | |
| 650 | 4 | |a electric scooter |2 eng | |
| 650 | 4 | |a braking |2 eng | |
| 650 | 4 | |a mobile application |2 eng | |
| 650 | 4 | |a deceleration |2 eng | |
| 650 | 4 | |a measurement |2 eng | |
| 650 | 4 | |a braking distance |2 eng | |
| 650 | 4 | |a measurement methodology |2 eng | |
| 700 | 1 | |a Danko, Ján |u 020030 |k Z1 |4 ths |U SjF Strojnícka fakulta |T SjF Ústav automobilového inžinierstva a konštruovania |X 3691 |U J0030 |Y 806 |7 A000003691 | |
| 856 | 4 | |u http://is.stuba.sk/zp/portal_zp.pl?podrobnosti=185021 | |